000 00795nam a22002415i 4500
001 176055
003 ES-MaACL
005 20250901080433.0
007 t|
008 101214s1960 sp a r ||||1| spa d
080 _a621.396.62
100 1 _aNávez, Fernand.
_985229
245 1 0 _aConstrucción y reparación de aparatos de radio /
_cpor Alfonso Lagoma.
250 _a5ª ed. rev. y puesta al día.
260 _aBarcelona :
_bJuan Bruguer,
_c1960.
300 _a388 p. :
_bil. bl. y n. ;
_c22 cm.
490 1 _aBiblioteca práctica de electricidad ;
_v1
650 4 _aRadio-
_xReparación
_916665
650 4 _aRadios
_916664
830 0 _aBiblioteca práctica de electricidad ;
_v1
_9189925
852 _aES-MaACL
_jE-13791
_xOlim P-252-bis
999 _c176055
_d176055